Quick Pick: 'TEN-' Words Quiz Stats

 Plays Quiz Updated Sep 16, 2018

Score 0/10 Timer 01:00
1 Play Today
% Correct
tennis
95.4%
tendon
93.3%
tent
93.3%
tension
91.5%
tentative
90.9%
tenant
90.1%
tenure
88.3%
tenement
85%
tendril
84.5%
tenet
77.2%

Today's Daily Dose

You're not logged in!

Compare scores with friends on all Sporcle quizzes.
OR
Log In

Sporcle TV

Today on Sporcle TV


Watch our educational content, quiz creation guides, and fun videos on Sporcle TV.

Show Comments

Extras

Top Quizzes Today


Score Distribution

Your Account Isn't Verified!

In order to create a playlist on Sporcle, you need to verify the email address you used during registration. Go to your Sporcle Settings to finish the process.

Report this User

Report this user for behavior that violates our Community Guidelines.

Details: